<?xml version="1.0" encoding="UTF-8"?>
<record
    xmlns:xsi="http://www.w3.org/2001/XMLSchema-instance"
    xsi:schemaLocation="http://www.loc.gov/MARC21/slim http://www.loc.gov/standards/marcxml/schema/MARC21slim.xsd"
    xmlns="http://www.loc.gov/MARC21/slim">

  <leader>01228nam a2200193Ia 4500</leader>
  <controlfield tag="008">220107t1969||||xx |||||||||||||| ||und||</controlfield>
  <datafield tag="040" ind1=" " ind2=" ">
    <subfield code="a">BoOrUTOFe</subfield>
    <subfield code="b">Es</subfield>
    <subfield code="c">UTO</subfield>
  </datafield>
  <datafield tag="044" ind1=" " ind2=" ">
    <subfield code="a">ES</subfield>
  </datafield>
  <datafield tag="082" ind1=" " ind2=" ">
    <subfield code="a">Eco 658</subfield>
    <subfield code="b">P32</subfield>
  </datafield>
  <datafield tag="100" ind1=" " ind2=" ">
    <subfield code="a">Payne, Bruce</subfield>
  </datafield>
  <datafield tag="245" ind1=" " ind2="0">
    <subfield code="a">Planificaci&#xF3;n a largo plazo y crecimiento de la empresa. La gu&#xED;a del ejecutivo para una planificaci&#xF3;n eficaz</subfield>
  </datafield>
  <datafield tag="246" ind1=" " ind2=" ">
    <subfield code="a"> Long-term planning and growth of the company. The executive's guide to effective planning</subfield>
  </datafield>
  <datafield tag="260" ind1=" " ind2=" ">
    <subfield code="a">Bilbao:</subfield>
    <subfield code="b">Deusto,</subfield>
    <subfield code="c">1969</subfield>
  </datafield>
  <datafield tag="300" ind1=" " ind2=" ">
    <subfield code="a">242p.</subfield>
    <subfield code="b">graf; tab.</subfield>
    <subfield code="c">21 cm</subfield>
  </datafield>
  <datafield tag="505" ind1=" " ind2=" ">
    <subfield code="a">La necesidad de una planificaci&#xF3;n a largo plazo, organizaci&#xF3;n de la planificaci&#xF3;n a largo plazo, establecer objetivos a largo plazo, objetivos a corto plazo como parte de un plan a largo plazo, el plan de "marketing", planificaci&#xF3;n de nuevos productos, planificaci&#xF3;n de la investigaci&#xF3;n y desarrollo, planificaci&#xF3;n a largo plazo de la fabricaci&#xF3;n, organizaci&#xF3;n del equipo directivo para la expansi&#xF3;n de la empresa, planificaci&#xF3;n financiera, planificaci&#xF3;n internacional, c&#xF3;mo hacer que la planificaci&#xF3;n a largo plazo se convierta en una operaci&#xF3;n pr&#xE1;ctica</subfield>
  </datafield>
  <datafield tag="650" ind1=" " ind2=" ">
    <subfield code="a">Planificaci&#xF3;n a largo plazo</subfield>
  </datafield>
  <datafield tag="655" ind1=" " ind2=" ">
    <subfield code="a">Libros de Texto</subfield>
  </datafield>
  <datafield tag="942" ind1=" " ind2=" ">
    <subfield code="c">LI</subfield>
    <subfield code="z">FCEFA53</subfield>
  </datafield>
  <datafield tag="999" ind1=" " ind2=" ">
    <subfield code="c">4967</subfield>
    <subfield code="d">4967</subfield>
    <subfield code="x">1</subfield>
  </datafield>
  <datafield tag="952" ind1=" " ind2=" ">
    <subfield code="0">0</subfield>
    <subfield code="1">0</subfield>
    <subfield code="2">ddc</subfield>
    <subfield code="4">0</subfield>
    <subfield code="7">0</subfield>
    <subfield code="a">UTO</subfield>
    <subfield code="b">UTO</subfield>
    <subfield code="c">1</subfield>
    <subfield code="d">2022-01-08</subfield>
    <subfield code="i">3724</subfield>
    <subfield code="o">Eco 658/P32</subfield>
    <subfield code="p">3724</subfield>
    <subfield code="r">2024-02-01 00:00:00</subfield>
    <subfield code="t">Ej. 1</subfield>
    <subfield code="w">2022-01-08</subfield>
    <subfield code="y">LI</subfield>
  </datafield>
</record>
